000 00446nam a2200181Ia 4500
005 20250423101107.0
008 250422s9999 xx 000 0 und d
020 _a81-207-0942
050 _aPE 1128 .A2 V47/
100 _aVerghese, C. Paul
245 0 _aTeaching English as a second language
260 _aNew Delhi
260 _bSterling Publisher Pvt.Ltd
260 _c2007
300 _a121 p
650 _aEducation
942 _cBK
999 _c35266
_d35266